000 00918nam a2200241 a 4500
005 20090909105921.0
008 990210s1999 nyua j 000 1 eng
010 _aB-357136
020 _a9788190533218
_c200.00
035 _aB-357136
037 _bDBAD / PUB
040 _adpl
_bEnglish
082 _aS
100 _aCarroll, Lewis
245 _aAlice's adventures in Wonderland /
_cby Lewis Carroll
260 _aNew Delhi
_bAkshay Books
_c2009
270 _a315, Hari Nagar Ashram, Mathura Road,
_bNew Delhi
_e110014
300 _a135p.
_c23cm(Hb)
520 _aA little girl falls down a rabbit hole and discovers a world of nonsensical and amusing characters.
650 _aChildren's stories, English
942 _2ddc
_cEN
_hS
_mCAR
999 _c30203
_d30203